| Tag |
First Indicator |
Second Indicator |
Subfields |
| LEADER |
00000pam a2200000 a 4500 |
| 001 |
in00000088387 |
| 005 |
20151008063156.0 |
| 008 |
810724s1982 vaua b s00110 eng |
| 010 |
|
|
|a 81012987
|
| 020 |
|
|
|a 0813909058
|
| 035 |
|
|
|a (OCoLC)07739524
|
| 035 |
|
|
|9 AAK1730AM
|
| 039 |
0 |
|
|a 2
|b 3
|c 3
|d 3
|e 3
|
| 040 |
|
|
|a DLC
|c DLC
|d TXA
|d UtOrBLW
|
| 043 |
|
|
|a n-us-va
|a n-us-nc
|
| 049 |
|
|
|a TXAM
|c [802414]
|
| 050 |
0 |
0 |
|a NA730 V82
|b R68 1982
|
| 082 |
0 |
|
|a 720/.9756/1
|2 19
|
| 100 |
1 |
|
|a Whitwell, W. L.
|q (William Livingston),
|d 1936-
|
| 245 |
1 |
4 |
|a The architectural heritage of the Roanoke Valley /
|c W.L. Whitwell, Lee W. Winborne ; selected photographs by Judith Farb.
|
| 264 |
|
1 |
|a Charlottesville :
|b University Press of Virginia,
|c 1982.
|
| 300 |
|
|
|a xi, 217 pages :
|b illustrations ;
|c 26 cm.
|
| 336 |
|
|
|a text
|b txt
|2 rdacontent
|
| 337 |
|
|
|a unmediated
|b n
|2 rdamedia
|
| 338 |
|
|
|a volume
|b nc
|2 rdacarrier
|
| 500 |
|
|
|a Illustrations on lining papers.
|
| 500 |
|
|
|a Includes index.
|
| 504 |
|
|
|a Bibliography: pages 208-210.
|
| 650 |
|
0 |
|a Architecture
|z Roanoke Valley (Va. and N.C.)
|
| 700 |
1 |
|
|a Winborne, Lee W.
|
| 999 |
|
|
|a MARS
|
| 999 |
f |
f |
|s 9fe91af0-7cd1-31b3-80a2-619e86c1bf9e
|i e77dcb83-947e-3e6f-a260-9bbef2282da6
|t 0
|
| 952 |
f |
f |
|p ric
|a Texas A&M University
|b Rellis Campus
|c Joint Library Facility
|d Remote Storage
|t 0
|e NA730 V82 R68 1982
|h Library of Congress classification
|i unmediated -- volume
|m A14805984573
|
| 998 |
f |
f |
|a NA730 V82 R68 1982
|t 0
|l Remote Storage
|